000 00728cab a2200253 4500
001 WB2707-19
008 090401t1991 xxu||||| |||| 00| 0 eng d
035 _a(Sirsi) u8606
041 _aeng
245 _aLiving over the shop
260 _c1991
350 _a0
490 _aEstates Gazette
_v(9105) 9/2/91 p87
520 _a`Living over the shop` wants housing associations to lease upper parts of shops for housing use as a way ot help ease the housing crisis.
650 _aHOUSING ACT 1988
650 _aLANDLORD AND TENANT
_96252
650 _aRETAIL PLANNING
650 _aSOCIAL HOUSING
650 _aSTANDARD COMMUNITY CHARGE
650 _aUBR
690 _aHOUSING
942 _n0
948 _c04/03/1997
999 _c5328
_d5328